000 01022nac a22003377a 4500
001 BR0703950
003 BR-BrBNA
005 20240105123441.0
008 230509b bl.|||m| |||| 00| 0 por d
040 _aBR-BrBNA
_bpor
_cBiblioteca Nacional de Agricultura
072 _aL73
090 _a5240 BR0703950
100 1 _aAlves, F.S.F.
100 1 _aPinheiro, R.R.
100 1 _aOliveira, A.A. da F.
110 1 _aEMBRAPA Caprinos, Sobral, CE (Brasil)
245 1 _aImplicações do uso de solução de formol em abscessos, para o controle da linfadenite caseosa
260 3 _aSobral, CE (Brasil):
_c2004.
300 _a20 p.
490 _aDocumentos - EMBRAPA Caprinos (Brazil)
_vno. 52
_xISSN 1676-7659
500 _a21 ref.; 5 illus.
650 _aOVINO
650 _aCAPRINO
650 _aDOENÇA ANIMAL
650 _aBACTÉRIA
650 _aLINFADENITE CASEOSA
650 _aABSCESSO
650 _aCONTROLE QUÍMICO
909 _a202312
_bLúcia Elande
_c55
_dLúcia Elande
942 _2AGRIS
_n0
_cMS
999 _c295506
_d295506